01695nam a22002297a 45000010006000000050017000060080041000230400024000642450122000882600082002103000020002925000326003125050421006386000071010596000051011307100046011817100065012278520012012929420018013049520126013229990017014488585320260429154639.0260429s2023 sp ||||| |||| 00| 0 spa d aM-RABAbspacM-RABA05aEn el centenario de El Retablo de Maese Pedrob: Scherzoc/ Festival de Granada; Fundación Archivo Manuel de Falla. aGranadab: Festival de Granadab: Fundación Archivo Manuel de Fallac, 2023 a16 p. c; 30 cm00aEsta publicación ha sido realizada con motivo de la celebración del centenario de El retablo de Maese Pedro en el marco del 72 Festival de Música y Danza de Granada, en colaboración con el Archivo Manuel de Falla. Se trata de una separata del dosier publicado en marzo de 2023 en el nº393 de la revista Scherzo.  aContiene: Cien años de El Retablo de Maese Pedro / José Ramón Encinar. Un Quijote inagotable para Falla: lecturas y recreaciones del mito literario / Elena Torres Clemente. El retablo, poesía y deshumanización del arte / Jorge de Persia. Títeres en las representaciones de El Retablo de Maese Pedro / Adolfo Ayuso. La recepción de El retablo en las vanguardias europeas del siglo XX / Paolo Pinamonti. 14aFalla, Manuel de (d1876-1946). tEl retablo de maese Pedro96555217aDon Quijote de la Mancha en la música9691252 aArchivo Manuel de Falla (cGranada)96159 aFESTIVAL INTERNACIONAL DE MÚSICA Y DANZA DE GRANADA994970 jF-16122 cFONDOMODERn0 00102ddc4070aRABASFbRABASFcDP2d2026-04-29i45575l0oF-16122p1097151r2026-04-29 15:47:26w2026-04-29yFONDOMODER c85853d85853